| 000 | 00650cam a22002054a 4500 | ||
|---|---|---|---|
| 001 | 12740608 | ||
| 005 | 20250122093321.0 | ||
| 008 | 020412s2002 paua 001 0 eng | ||
| 020 | _a1560535040 | ||
| 050 | 0 | 0 |
_aR727.5 _b.M44 2002 |
| 100 | 1 | _aMercado, Donna L. | |
| 245 | 1 | 0 |
_aMedical consultation pearls / _cDonna L. Mercado, Gerald W. Smetana. |
| 260 |
_aPhiladelphia, PA : _bHanley & Belfus, _cc2002. |
||
| 300 |
_axvii, 227 p. : _bill. ; _c26 cm. |
||
| 440 | 4 | _aThe pearls series | |
| 650 | 0 |
_aMedical consultation _vCase studies. |
|
| 650 | 0 |
_aInterpersonal communication _vCase studies. |
|
| 700 | 1 | _aSmetana, Gerald W. | |
| 942 |
_2lcc _cBK _n0 |
||
| 999 |
_c2759 _d2759 |
||